000 00692nam a22002417a 4500
001 BD-DhSAU 7922
003 BD-DhSAU
005 20150530113422.0
008 150530b2000 ii a||||r|||| 001 0 eng d
020 _a8170368316
040 _aBD-DhSAU
082 _222
_a658.45
_bVIM
100 _aVilanilam, J.V.
245 _aMore effective communication :
_ba manual for professionals /
_cJ.V. Vilanilam
260 _aNew Delhi :
_bResponse Books,
_cc2000.
300 _a238 p. :
_bill. ;
_c22 cm.
504 _aIncludes bibliographical references and index.
590 _ajoy
650 _aExtension.
650 _aBusiness communication.
650 _aCommunication.
942 _2ddc
_cBOOK
999 _c7922
_d7922